La responsabilidad moral de las corporaciones y el relativismo cultural y ético en los negocios globales (Registro nro. 28949)

Detalles MARC
000 -LEADER
fixed length control field 00430 a2200109 4500
001 - CONTROL NUMBER
control field ART_25953
005 - DATE AND TIME OF LATEST TRANSACTION
control field 20260410161935.0
008 - FIXED-LENGTH DATA ELEMENTS--GENERAL INFORMATION
fixed length control field 260409a
100 1# - MAIN ENTRY--PERSONAL NAME
Personal name Montuschi, Luisa
245 10 - TITLE STATEMENT
Title La responsabilidad moral de las corporaciones y el relativismo cultural y ético en los negocios globales
773 0# - HOST ITEM ENTRY
Title Anales de la Academia Nacional de Ciencias Económicas
Related parts - Vol. XLVIII, (2003) (ene. 2004)
Record control number REV25596

No hay ítems disponibles.